论语的启示 (Record no. 21066)

000 -LEADER
fixed length control field 00481nam a22001817a 4500
003 - CONTROL NUMBER IDENTIFIER
control field MPLRDC
005 - DATE AND TIME OF LATEST TRANSACTION
control field 20220104124643.0
008 - FIXED-LENGTH DATA ELEMENTS--GENERAL INFORMATION
fixed length control field 210129b ||||| |||| 00| 0 eng d
020 ## - INTERNATIONAL STANDARD BOOK NUMBER
International Standard Book Number 981-229-429-5
082 ## - DEWEY DECIMAL CLASSIFICATION NUMBER
Classification number 121.22 CWH
100 ## - MAIN ENTRY--PERSONAL NAME
Personal name 陈望衡 选译
245 ## - TITLE STATEMENT
Title 论语的启示
Statement of responsibility, etc. 萧承财 绘画
250 ## - EDITION STATEMENT
Edition statement 一版一刷
260 ## - PUBLICATION, DISTRIBUTION, ETC.
Place of publication, distribution, etc. 新加坡
Name of publisher, distributor, etc. 亚太图书有限公司 ASIAPAC BOOKS PTE LTD
Date of publication, distribution, etc. 2006
300 ## - PHYSICAL DESCRIPTION
Other physical details 213
650 ## - SUBJECT ADDED ENTRY--TOPICAL TERM
Topical term or geographic name entry element 论语
942 ## - ADDED ENTRY ELEMENTS (KOHA)
Koha item type Book
-- 121.22 CWH
Holdings
Withdrawn status Lost status Source of classification or shelving scheme Damaged status Not for loan Collection code Home library Current library Shelving location Date acquired Cost, normal purchase price Total Checkouts Full call number Barcode Date last seen Date last checked out Price effective from Koha item type Public note
            Malaysian Public Library, Research and Development Centre Malaysian Public Library, Research and Development Centre   10/12/2007 19.50   121.22 CWH 00021136 17/03/2021 19/04/2018 17/03/2021 Book mplrdc

© 2022. Malaysian Public Library, Research and Development Centre. All Right ReservedE-mailmplrdc@help.edu.my 

Powered by Koha